| Tag |
First Indicator |
Second Indicator |
Subfields |
| LEADER |
00000cam a2200000Ia 4500 |
| 001 |
in00001842021 |
| 005 |
20220105141028.0 |
| 006 |
m d |
| 007 |
cr cn- |
| 008 |
030731s2002 ctua sb 001 0 eng |
| 020 |
|
|
|a 0313011850 (electronic bk.)
|
| 035 |
|
|
|a (OCoLC)ocm52762538
|
| 040 |
|
|
|a N$T
|c N$T
|d OCLCQ
|d UtOrBLW
|
| 043 |
|
|
|a n-us---
|
| 049 |
|
|
|a IKMN
|
| 050 |
1 |
4 |
|a LC4019.8
|b .R48 2002eb
|
| 082 |
0 |
4 |
|a 371.9/0973
|2 22
|
| 245 |
0 |
0 |
|a Rethinking professional issues in special education /
|c edited by James L. Paul [and others].
|
| 264 |
|
1 |
|a Westport, Conn. :
|b Ablex Pub.,
|c 2002.
|
| 300 |
|
|
|a xvi, 351 pages :
|b illustrations
|
| 336 |
|
|
|a text
|b txt
|2 rdacontent
|
| 337 |
|
|
|a computer
|b c
|2 rdamedia
|
| 338 |
|
|
|a online resource
|b cr
|2 rdacarrier
|
| 490 |
1 |
|
|a Contemporary studies in social and policy issues in education: the David C. Anchin Center series
|
| 504 |
|
|
|a Includes bibliographical references and index.
|
| 505 |
0 |
|
|a To improve or reconstruct special education : issues facing the field / James L. Paul, Ann Cranston-Gingras -- The demographics of special education / Harold Hodgkinson -- Interventions and children with special needs / James J. Gallagher -- High-stakes testing and the distortion of care / Nel Noddings -- From the old to the new paradigm of disability and families : research to enhance family quality of life outcomes / Ann P. Turnbull, H.R. Turnbull -- Addressing home, school, and community violence for children with disabilities / Zena H. Rudo, Vestena Robbins, Denise Smith -- Informing professional issues in special education through disability studies / Ann Cranston-Gingras, Crystal Roberts Ladwig -- The teacher variable : who makes education special? / James L. Paul, Patricia A. Parrish -- The reflective self : becoming a special educator / Patricia Fagan, Ella L. Taylor -- Preparing African American male teachers for urban special education environments / Brenda L. Townsend, Karen M. Harris -- Collaborative professional development partnerships / Karen L. Colucci, Betty C. Epanchin, Kathryn L. Laframboise -- The use of educational technology and assistive devices in special education / Barbara L. Loeding -- The utilization of distance learning and technology for teaching children with disabilities / Michael W. Churton -- Charter schools and their impact on special education / Myrrha Pammer, Carolyn D. Lavely, Cathy Wooley-Brown -- Reading the history of special education / Sherman Dorn -- Ethics and special education / James L. Paul, Peter French, Ann Cranston-Gingras.
|
| 533 |
|
|
|a Electronic reproduction.
|b Boulder, Colo. :
|c NetLibrary,
|d 2003.
|n Available via World Wide Web.
|n Access may be limited to NetLibrary affiliated libraries.
|
| 500 |
|
|
|a Electronic resource.
|
| 650 |
|
0 |
|a Teachers of children with disabilities
|x Training of
|z United States.
|
| 650 |
|
0 |
|a Students with disabilities
|x Education
|z United States.
|
| 655 |
|
7 |
|a Electronic books.
|2 local
|
| 700 |
1 |
|
|a Paul, James L.
|0 http://id.loc.gov/authorities/names/n78094018
|
| 710 |
2 |
|
|a NetLibrary, Inc.
|0 http://id.loc.gov/authorities/names/no99080690
|
| 776 |
1 |
|
|c Original
|z 1567506267
|z 1567506275
|w (DLC) 2001053297
|w (OCoLC)47927777
|
| 830 |
|
0 |
|a Contemporary studies in social and policy issues in education.
|0 http://id.loc.gov/authorities/names/n97073617
|
| 856 |
4 |
1 |
|u https://proxy.library.tamu.edu/login?url=http://www.netLibrary.com/urlapi.asp?action=summary&v=1&bookid=85927
|z Connect to the full text of this electronic book
|t 0
|
| 994 |
|
|
|a 92
|b IKM
|
| 999 |
|
|
|a MARS
|
| 999 |
f |
f |
|s f0b789cb-c15f-33f1-bb84-08eaab150b8a
|i 6d95ad73-3bcf-39dc-8d31-f01639561bf0
|t 0
|
| 952 |
f |
f |
|a Texas A&M University
|b College Station
|c Electronic Resources
|d Available Online
|t 0
|e LC4019.8 .R48 2002eb
|h Library of Congress classification
|
| 998 |
f |
f |
|a LC4019.8 .R48 2002eb
|t 0
|l Available Online
|